00277nam a2200097Ia 4500008004100000100001800041245007500059260002800134300000900162650000800171191201s2014 xx 000 0 und d aELMASRI,Ramez 0aDatabase System, Models, Languages, Design and Application Programming aN. DelhibPearsonc2014 a1214 aBBA